Subsidence (Record no. 115263)

MARC details
000 -LEADER
fixed length control field 00990cad a2200241 4500
001 - CONTROL NUMBER
control field L158323
008 - FIXED-LENGTH DATA ELEMENTS--GENERAL INFORMATION
fixed length control field 060523n2013 000 0 eng u
035 ## - SYSTEM CONTROL NUMBER
System control number (Sirsi) u158323
041 0# - LANGUAGE CODE
Language code of text/sound track or separate title eng
050 04 - LIBRARY OF CONGRESS CALL NUMBER
Classification number 692.2 $2 18
110 2# - MAIN ENTRY--CORPORATE NAME
Corporate name or jurisdiction name as entry element Royal Institution of Chartered Surveyors
9 (RLIN) 4900
245 00 - TITLE STATEMENT
Title Subsidence
Remainder of title : A clear, impartial guide to
Statement of responsibility, etc. [Old edition]
260 ## - PUBLICATION, DISTRIBUTION, ETC.
Place of publication, distribution, etc. London,
Name of publisher, distributor, etc. RICS,
Date of publication, distribution, etc. 2013
300 ## - PHYSICAL DESCRIPTION
Extent 7 p.
490 ## - SERIES STATEMENT
Series statement RICS Consumer guide
505 2# - FORMATTED CONTENTS NOTE
Formatted contents note What is subsidence and how is it caused? -- How can I tell if my house is subsiding? -- How long will it take to rectify? -- How to fix it -- Who pays? -- Free RICS guides -- Further information -- Find a Surveyor
520 ## - SUMMARY, ETC.
Summary, etc. Provides advice aimed at the general public on how to deal with subsidence.
520 ## - SUMMARY, ETC.
Summary, etc. Supersedes Subsidence: what every property owner should know, L133912.
520 ## - SUMMARY, ETC.
Summary, etc. Superseded by 2022 edition 121271
650 ## - SUBJECT ADDED ENTRY--TOPICAL TERM
Topical term or geographic name entry element Subsidence
690 ## - LOCAL SUBJECT ADDED ENTRY--TOPICAL TERM (OCLC, RLIN)
Topical term or geographic name as entry element Building surveying
9 (RLIN) 6225
942 ## - ADDED ENTRY ELEMENTS (KOHA)
Suppress in OPAC 0
Source of classification or shelving scheme Dewey Decimal Classification
Holdings
Withdrawn status Lost status Source of classification or shelving scheme Damaged status Not for loan Home library Current library Shelving location Date acquired Total Checkouts Full call number Barcode Date last seen Copy number Price effective from Koha item type
    Dewey Decimal Classification     Virtual Virtual Online 10/12/2014   ONLINE PUBLICATION 158323-2001 06/08/2019 1 06/08/2019 Book